Calculus (Record no. 16357)

000 -LEADER
fixed length control field 00411nam a2200157I 4500
040 ## - CATALOGING SOURCE
Transcribing agency YNG
082 ## - DEWEY DECIMAL CLASSIFICATION NUMBER
Classification number 517 ADD 1961 A023 Or.
100 10 - MAIN ENTRY--AUTHOR NAME
Personal name Thomas, George Brinton,
245 00 - TITLE STATEMENT
Title Calculus
250 ## - EDITION STATEMENT
Edition statement 2d ed
260 0# - PUBLICATION, DISTRIBUTION, ETC. (IMPRINT)
Place of publication Reading, Mass.,
Name of publisher Addison-Wesley Pub. Co.
Year of publication [1961,repr. 1963]
300 ## - PHYSICAL DESCRIPTION
Number of Pages 850 p.
Other physical details illus.
Dimensions 24 cm
490 0# - SERIES STATEMENT
Series statement Addison-Wesley series in mathematics
650 #0 - SUBJECT ADDED ENTRY--TOPICAL TERM
Topical Term Calculus
942 ## - ADDED ENTRY ELEMENTS (KOHA)
Koha item type សៀវភៅភាសាបារាំង
952 ## - LOCATION AND ITEM INFORMATION (KOHA)
Withdrawn status [LOCAL, KOHA] 0
Holdings
Permanent Location Date acquired Koha item type Lost status Shelving location Barcode Current Location Full call number
Library Block A2018-02-12សៀវភៅភាសាបារាំង A023A24909Library Block A517 ADD 1961 A023 Or.
មជ្ឈមណ្ឌលឯការនៃសាកលវិទ្យាល័យភូមិន្ទកសិកម្មចំការដូង

Powered by Koha